| 000 | 01252nam0a2200325 i 4500 | ||
|---|---|---|---|
| 001 | RU\NLR\BIBL_A\010009830 | ||
| 005 | 20240921204220.0 | ||
| 010 |
_a9785811415137 _9700 |
||
| 021 |
_aRU _b2013-84523 _95853 |
||
| 035 | _a(NILC)RuMoRGB-006681866 | ||
| 035 | _a(NLR Aleph) 010009830 | ||
| 090 |
_a9847954 _c9847954 |
||
| 100 | _a20131203d2013 u y0rusy50 ca | ||
| 101 | 0 | _arus | |
| 102 | _aRU | ||
| 105 | _aa|||||||||||| | ||
| 200 | 1 |
_aОсновы конструирования деталей машин. Литые детали _eучебно-методическое пособие _fА. В. Тюняев |
|
| 205 | _aИзд. 2-е, испр. и доп. | ||
| 210 |
_aСанкт-Петербург [и др.] _cЛань _d2013 |
||
| 215 |
_a181 с. _cил. _d24 |
||
| 320 | _aБиблиогр.: с. 177-179 | ||
| 517 | 1 | _aЛитые детали | |
| 606 | 1 |
_aДетали машин литые _jУчебно-методические пособия _xПроектирование _91036510 _3RU\NLR\AUTH\66398479 |
|
| 686 | 1 | _aК61-2я7-1 | |
| 700 | 1 |
_aТюняев _bА. В. _gАнатолий Васильевич |
|
| 801 | 0 |
_aRU _bRuMoRKP _c20120604 _gRCR |
|
| 801 | 2 |
_aRU _bРГБ _c20131022 _grcr |
|
| 942 | _cBOOK | ||
| 980 | _aNBR | ||